| Tag |
First Indicator |
Second Indicator |
Subfields |
| LEADER |
00000cam a22000008a 4500 |
| 001 |
in00004457593 |
| 005 |
20191202121131.0 |
| 008 |
880208s1988 dcuac 00100 eng c |
| 010 |
|
|
|a 88003368
|
| 020 |
|
|
|a 0917330595 :
|c $15.00
|
| 035 |
|
|
|a (OCoLC)17547147
|
| 035 |
|
|
|9 AAA7589MS
|
| 035 |
|
|
|z (UtOrBLW)3133
|
| 035 |
|
|
|a 4741
|
| 040 |
|
|
|a DNLM/DLC
|c DLC
|d TMV
|d UtOrBLW
|
| 043 |
|
|
|a n-us---
|
| 049 |
|
|
|a TMVM
|c 1
|
| 050 |
0 |
0 |
|a RS110
|b .P65 1988
|
| 059 |
|
|
|l MS/REF STACKS
|v 1
|z 3
|t BOOK
|k NON-CIRCULATING
|i 323890082421%
|n NL
|a QV 22 AA1
|b P5365 1988
|
| 060 |
|
0 |
|a QV 22 AA1
|b P5365 1988
|
| 245 |
0 |
0 |
|a Pharmacy education and careers :
|b the APhA resource book.
|
| 264 |
|
1 |
|a Washington, DC :
|b American Pharmaceutical Association,
|c [1988]
|
| 264 |
|
4 |
|c ©1988
|
| 300 |
|
|
|a 80 pages :
|b illustrations, portraits ;
|c 28 cm.
|
| 336 |
|
|
|a text
|2 rdacontent
|b txt
|
| 337 |
|
|
|a unmediated
|2 rdamedia
|
| 338 |
|
|
|a volume
|2 rdacarrier
|b nc
|
| 500 |
|
|
|a Includes index.
|
| 650 |
|
2 |
|a Education, Pharmacy
|z United States
|v Directory.
|
| 650 |
|
2 |
|a Education, Pharmacy
|z United States
|v Handbooks.
|
| 650 |
|
2 |
|a Schools, Pharmacy
|z United States
|v Directory.
|
| 650 |
|
2 |
|a Schools, Pharmacy
|z United States
|v Handbooks.
|
| 710 |
2 |
|
|a American Pharmaceutical Association.
|
| 740 |
4 |
|
|a The APhA resource book.
|
| 940 |
|
|
|a copy plain
|
| 999 |
|
|
|a MARS
|
| 999 |
f |
f |
|s 03f20aaf-9f1d-320b-931e-dd37bcb2b896
|i 8cf54a8c-e855-3f6c-813d-61e1f259ba81
|t 0
|
| 952 |
f |
f |
|p ric
|a Texas A&M University
|b Rellis Campus
|c Joint Library Facility
|d Remote Storage
|t 0
|e QV 22 AA1 P5365 1988
|h National Library of Medicine classification
|i unmediated -- volume
|m 323890118578C
|
| 998 |
f |
f |
|a QV 22 AA1 P5365 1988
|t 0
|l Remote Storage
|